[Event "DEM U14 2004"]
[Site "Willingen GER"]
[Date "2004.05.31"]
[Round "3"]
[White "Müller, Reinhold"]
[Black "Alsheimer, Christoph"]
[Result "1-0"]
[Termination "normal"]
[Board "2"]
[WhiteElo "2035"]
[BlackElo "2057"]
[PlyCount "77"]
[WhiteFideId "24605875"]
[BlackFideId "24605433"]
[EventCountry "GER"]
[EventRounds "9"]
[EventType "swiss"]
[EventDate "2004.05.29"]

1. d4 d5 2. c4 e6 3. Nf3 c5 4. dxc5 Bxc5 5. cxd5 exd5 6. e3 Nc6 7. Nc3 Nf6 8.
Be2 O-O 9. O-O a6 10. a3 Bf5 11. b4 Ba7 12. Bb2 Re8 13. b5 axb5 14. Nxb5 Bb8
15. Qb3 Be6 16. Nbd4 Na5 17. Qc2 Bd6 18. Bb5 Re7 19. Ng5 Rc7 20. Qb1 Qe7 21.
Nf5 Bxf5 22. Qxf5 Rac8 23. Bxf6 Qxf6 24. Qxh7+ Kf8 25. Qh4 Ke7 26. e4 Rc5 27.
Rae1 Rxb5 28. e5 Bxe5 29. f4 g6 30. Qg4 Rc4 31. Qg3 Qb6+ 32. Kh1 f6 33. fxe5 f5
34. Qh3 Rc7 35. Qh7+ Kf8 36. Qh8+ Ke7 37. Qg7+ Kd8 38. Qf8+ Kd7 39. e6+ 1-0

[Event "DEM U14 2004"]
[Site "Willingen GER"]
[Date "2004.05.31"]
[Round "3"]
[White "Lubbe, Nikolas"]
[Black "Zehnter, Sebastian"]
[Result "1-0"]
[Termination "normal"]
[Board "3"]
[WhiteElo "2109"]
[BlackElo "1987"]
[PlyCount "53"]
[WhiteFideId "4694031"]
[BlackFideId "24608670"]
[EventCountry "GER"]
[EventRounds "9"]
[EventType "swiss"]
[EventDate "2004.05.29"]

1. e4 d5 2. exd5 Nf6 3. d4 Qxd5 4. Nc3 Qa5 5. Bc4 c6 6. Bd2 Qc7 7. Nf3 Bf5 8.
Ne5 e6 9. Qe2 Nbd7 10. O-O-O Bd6 11. Rhe1 Rf8 12. g4 Bg6 13. h4 b5 14. Bb3 b4
15. Na4 Ne4 16. h5 Nxd2 17. Rxd2 Nxe5 18. dxe5 Be7 19. Kb1 Bg5 20. Rdd1 Qa5 21.
hxg6 hxg6 22. Qc4 Rc8 23. Nc5 Be7 24. Nb7 Qb6 25. Nd6+ Bxd6 26. exd6 Kd7 27.
Rxe6 1-0

[Event "DEM U14 2004"]
[Site "Willingen GER"]
[Date "2004.05.31"]
[Round "3"]
[White "Geske, Julian"]
[Black "Grünwald, Eduard"]
[Result "1/2-1/2"]
[Termination "normal"]
[Board "4"]
[WhiteElo "1940"]
[BlackElo "1989"]
[PlyCount "94"]
[WhiteFideId "24605263"]
[BlackFideId "4696280"]
[EventCountry "GER"]
[EventRounds "9"]
[EventType "swiss"]
[EventDate "2004.05.29"]

1. e4 e5 2. Nf3 Nc6 3. Bb5 a6 4. Bxc6 dxc6 5. O-O f6 6. d4 exd4 7. Nxd4 c5 8.
Nb3 Qxd1 9. Rxd1 Bg4 10. f3 Bd6 11. Bf4 Rd8 12. Nc3 Be6 13. Bxd6 cxd6 14. Rd2
Nh6 15. Rad1 Nf7 16. Nd5 Bxd5 17. Rxd5 Ke7 18. Na5 Rd7 19. Nc4 b5 20. Ne3 g6
21. f4 Re8 22. Ng4 h5 23. Nf2 Kd8 24. Nd3 Ree7 25. g3 Kc7 26. Kg2 Kc6 27. Kf3
a5 28. Nc1 Rc7 29. R5d2 Re8 30. Re2 Rce7 31. Rde1 Kd7 32. Nd3 Kc6 33. Nf2 f5
34. exf5 Rxe2 35. Rxe2 Rxe2 36. Kxe2 gxf5 37. h3 Kd5 38. Kf3 b4 39. g4 hxg4+
40. hxg4 fxg4+ 41. Nxg4 Kd4 42. Ne3 a4 43. Nd1 c4 44. a3 Kc5 45. c3 b3 46. Ne3
d5 47. Nf5 Nd8 1/2-1/2

[Event "DEM U14 2004"]
[Site "Willingen GER"]
[Date "2004.05.31"]
[Round "3"]
[White "Baldauf, Marco"]
[Black "Savchenko, Aleksij"]
[Result "0-1"]
[Termination "normal"]
[Board "5"]
[WhiteElo "2185"]
[BlackElo "1844"]
[PlyCount "90"]
[WhiteFideId "4688210"]
[BlackFideId "24611727"]
[EventCountry "GER"]
[EventRounds "9"]
[EventType "swiss"]
[EventDate "2004.05.29"]

1. e4 c5 2. Nf3 e6 3. d4 cxd4 4. Nxd4 a6 5. c4 Qc7 6. Nc3 Nf6 7. a3 Be7 8. Be3
d6 9. Be2 Nbd7 10. Rc1 b6 11. Qd2 Nc5 12. Qc2 Bb7 13. f3 O-O 14. b4 Ncd7 15.
O-O Rac8 16. Qd2 Qb8 17. Rc2 Bd8 18. Kh1 Bc7 19. Bg1 Kh8 20. Rb1 Qa8 21. a4 d5
22. exd5 exd5 23. Nf5 dxc4 24. Qg5 Rg8 25. Ne7 Bd6 26. Nxg8 Kxg8 27. Bd4 Qb8
28. Ne4 Bxe4 29. fxe4 b5 30. axb5 axb5 31. Ra1 Bxh2 32. Bg4 h6 33. Qh4 Be5 34.
Bxe5 Qxe5 35. Rd1 Qxe4 36. Re2 Qxg4 37. Qxg4 Nxg4 38. Rxd7 c3 39. Rd1 Rc4 40.
Rc1 Nf6 41. Re3 Ne4 42. g4 Rxb4 43. Rce1 c2 44. Rc1 Rb1 45. Ree1 Nc3 0-1

[Event "DEM U14 2004"]
[Site "Willingen GER"]
[Date "2004.05.31"]
[Round "3"]
[White "Beck, Frederik"]
[Black "Trapp, Maximilian"]
[Result "1-0"]
[Termination "normal"]
[Board "6"]
[WhiteElo "2095"]
[BlackElo "1820"]
[PlyCount "35"]
[WhiteFideId "4687388"]
[EventCountry "GER"]
[EventRounds "9"]
[EventType "swiss"]
[EventDate "2004.05.29"]

1. e4 d5 2. exd5 Qxd5 3. Nc3 Qa5 4. Bc4 Nf6 5. Qe2 Bf5 6. d3 c6 7. Bd2 e6 8. h3
h5 9. Nf3 Bb4 10. a3 Be7 11. Nd5 Qd8 12. Nxe7 Qxe7 13. O-O-O Nbd7 14. Ne5 Nxe5
15. Qxe5 Nd7 16. Qxg7 Qf6 17. Qxf6 Nxf6 18. g4 1-0

[Event "DEM U14 2004"]
[Site "Willingen GER"]
[Date "2004.05.31"]
[Round "3"]
[White "Tereick, Benjamin"]
[Black "Kölsch, Maximilian"]
[Result "1-0"]
[Termination "normal"]
[Board "7"]
[WhiteElo "2090"]
[BlackElo "1867"]
[PlyCount "67"]
[WhiteFideId "24607541"]
[BlackFideId "24618462"]
[EventCountry "GER"]
[EventRounds "9"]
[EventType "swiss"]
[EventDate "2004.05.29"]

1. c4 c6 2. g3 d5 3. Bg2 Nf6 4. Nf3 e6 5. O-O Nbd7 6. Qc2 Be7 7. d4 O-O 8. b3
b5 9. c5 Re8 10. Bb2 Qc7 11. b4 a5 12. a3 e5 13. dxe5 Ng4 14. e4 axb4 15. axb4
Rxa1 16. Bxa1 Ndxe5 17. Nxe5 Nxe5 18. exd5 cxd5 19. Nc3 d4 20. Nd5 Qd8 21. Bxd4
Nc6 22. Bc3 Be6 23. Rd1 Qc8 24. Nb6 Qc7 25. Qe4 Rd8 26. Ra1 Nxb4 27. Bxb4 Bxc5
28. Bxc5 Qxc5 29. Qe3 Qd6 30. Nd5 Bxd5 31. Rd1 Qb8 32. Bxd5 g6 33. Qe7 Rf8 34.
Bxf7+ 1-0

[Event "DEM U14 2004"]
[Site "Willingen GER"]
[Date "2004.05.31"]
[Round "3"]
[White "Müller, Jan-Hendrik"]
[Black "Schneider, David"]
[Result "1/2-1/2"]
[Termination "normal"]
[Board "8"]
[WhiteElo "1831"]
[BlackElo "2080"]
[PlyCount "64"]
[WhiteFideId "24615048"]
[BlackFideId "4697111"]
[EventCountry "GER"]
[EventRounds "9"]
[EventType "swiss"]
[EventDate "2004.05.29"]

1. e4 g6 2. d4 Bg7 3. Nc3 d6 4. Bg5 h6 5. Bh4 Nd7 6. Qd2 c5 7. dxc5 Nxc5 8.
Bb5+ Bd7 9. Bxd7+ Qxd7 10. f3 Nf6 11. Nge2 Rc8 12. O-O Ne6 13. Bf2 b5 14. Nd4
a6 15. Nxe6 Qxe6 16. Nd5 Nxd5 17. exd5 Qf5 18. c3 O-O 19. Rfe1 Rc7 20. Re4 Kh7
21. Rf4 Qd7 22. Rh4 Rc4 23. Bd4 Re8 24. b3 Rxd4 25. cxd4 Qf5 26. Re4 Qxd5 27.
Rd1 e6 28. Re3 Rc8 29. Rd3 Rc6 30. Qf4 Rc7 31. Qe4 Qg5 32. Qe2 Qd5 1/2-1/2

[Event "DEM U14 2004"]
[Site "Willingen GER"]
[Date "2004.05.31"]
[Round "3"]
[White "Völbel, Patrick"]
[Black "Rudolf, Sebastian"]
[Result "1/2-1/2"]
[Termination "normal"]
[Board "9"]
[WhiteElo "1867"]
[BlackElo "1926"]
[PlyCount "48"]
[WhiteFideId "24622583"]
[BlackFideId "24609390"]
[EventCountry "GER"]
[EventRounds "9"]
[EventType "swiss"]
[EventDate "2004.05.29"]

1. d4 Nf6 2. c4 c5 3. d5 e6 4. Nc3 exd5 5. cxd5 d6 6. e4 g6 7. Nf3 Bg7 8. Bc4
O-O 9. O-O Bg4 10. h3 Bxf3 11. Qxf3 Nbd7 12. Bf4 Qe7 13. Rfe1 Ne5 14. Qe2 a6
15. a4 Rab8 16. Bh2 Rfe8 17. a5 Nxc4 18. Qxc4 Nd7 19. Re2 Ne5 20. Bxe5 Bxe5 21.
Na4 h5 22. Nb6 Qh4 23. Qd3 Qg5 24. Qf3 Re7 1/2-1/2

[Event "DEM U14 2004"]
[Site "Willingen GER"]
[Date "2004.05.31"]
[Round "3"]
[White "Paul, Johannes"]
[Black "Lange, Jan-David"]
[Result "0-1"]
[Termination "normal"]
[Board "10"]
[WhiteElo "1713"]
[BlackElo "1794"]
[PlyCount "86"]
[WhiteFideId "24622087"]
[BlackFideId "24614963"]
[EventCountry "GER"]
[EventRounds "9"]
[EventType "swiss"]
[EventDate "2004.05.29"]

1. c4 e5 2. Nc3 Nf6 3. g3 d5 4. cxd5 Nxd5 5. Bg2 Nb6 6. Nf3 Nc6 7. O-O Be7 8.
d3 g5 9. Be3 g4 10. Nd2 Be6 11. Nde4 Nd4 12. Rc1 f5 13. Nd2 c6 14. a3 O-O 15.
b4 a5 16. Rb1 axb4 17. axb4 Ra3 18. Rc1 Bxb4 19. Bxd4 Qxd4 20. Ncb1 Ra2 21. Nb3
Qb2 22. Nc5 Bxc5 23. Rxc5 Nd7 24. Rc3 Qxe2 25. Qc1 f4 26. Bxc6 bxc6 27. Rxc6
Bd5 28. Nc3 Qf3 29. Nxd5 Qxd5 30. gxf4 exf4 31. Qc3 g3 32. hxg3 fxg3 33. Qc4
Qxc4 34. Rxc4 Ne5 35. Rc5 Raxf2 36. Rxf2 gxf2+ 37. Kf1 Nxd3 38. Rg5+ Kh8 39.
Rg3 Nb2 40. Rg2 Nd1 41. Rg3 h6 42. Rd3 Rg8 43. Rf3 Rg1+ 0-1

[Event "DEM U14 2004"]
[Site "Willingen GER"]
[Date "2004.05.31"]
[Round "3"]
[White "Szczap, Arthur"]
[Black "Poetsch, Hagen"]
[Result "0-1"]
[Termination "normal"]
[Board "11"]
[WhiteElo "1497"]
[BlackElo "1783"]
[PlyCount "106"]
[WhiteFideId "24637394"]
[BlackFideId "24615137"]
[EventCountry "GER"]
[EventRounds "9"]
[EventType "swiss"]
[EventDate "2004.05.29"]

1. e4 c5 2. Nf3 d6 3. d4 cxd4 4. Nxd4 Nf6 5. Nc3 g6 6. Bc4 Bg7 7. Be3 O-O 8.
Qd2 Ng4 9. f3 Nxe3 10. Qxe3 Qb6 11. O-O-O e5 12. Nf5 gxf5 13. Qxb6 axb6 14.
Rxd6 Nc6 15. Rhd1 Be6 16. Bxe6 fxe6 17. Rxe6 fxe4 18. Nxe4 Rxa2 19. Kb1 Rfa8
20. c3 Ra1+ 21. Kc2 Rxd1 22. Kxd1 h6 23. Nd6 Ra1+ 24. Kc2 Rg1 25. Nxb7 Rxg2+
26. Kd3 Na5 27. Rxb6 Nxb7 28. Rxb7 Rxh2 29. Ke4 Rh4+ 30. Ke3 Rc4 31. Kf2 Kh7
32. Rb6 Bf8 33. Re6 Rc5 34. b4 Rxc3 35. Rxe5 Bxb4 36. Re4 Bc5+ 37. Kg2 Kg6 38.
Re6+ Kg7 39. Rc6 h5 40. Rc7+ Kg6 41. f4 h4 42. f5+ Kxf5 43. Rf7+ Kg4 44. Rg7+
Kh5 45. Rh7+ Kg5 46. Rh8 Bd4 47. Rg8+ Kf5 48. Rf8+ Bf6 49. Kh2 h3 50. Rf7 Kg6
51. Rf8 Be5+ 52. Kg1 h2+ 53. Kg2 Rc2+ 0-1

[Event "DEM U14 2004"]
[Site "Willingen GER"]
[Date "2004.05.31"]
[Round "3"]
[White "Wapenhans, Alexander"]
[Black "Laqua, Stefan"]
[Result "1-0"]
[Termination "normal"]
[Board "12"]
[WhiteElo "1655"]
[BlackElo "1241"]
[PlyCount "63"]
[WhiteFideId "24622630"]
[BlackFideId "4674634"]
[EventCountry "GER"]
[EventRounds "9"]
[EventType "swiss"]
[EventDate "2004.05.29"]

1. e4 e6 2. d3 d5 3. Nd2 c5 4. g3 Nc6 5. Bg2 Nf6 6. Ngf3 Be7 7. O-O b5 8. Re1
O-O 9. e5 Nd7 10. Nf1 Qb6 11. h4 f6 12. exf6 Nxf6 13. Bh3 Nd8 14. Ne5 Nf7 15.
Nxf7 Rxf7 16. Qe2 d4 17. Bxe6 Bxe6 18. Qxe6 Qxe6 19. Rxe6 Ng4 20. f3 Raf8 21.
Bf4 Nf6 22. Bg5 Nd5 23. Bxe7 Rxe7 24. Rxe7 Nxe7 25. Kf2 Kf7 26. Nd2 Nd5 27. a3
Nb6 28. Ne4 Nd7 29. Re1 a6 30. Ng5+ Kg8 31. Re7 Nb8 32. Ne6 1-0

[Event "DEM U14 2004"]
[Site "Willingen GER"]
[Date "2004.05.31"]
[Round "3"]
[White "Kalisch, Michael"]
[Black "Bogner, Sebastian"]
[Result "1/2-1/2"]
[Termination "normal"]
[Board "13"]
[WhiteElo "1576"]
[BlackElo "2093"]
[PlyCount "61"]
[BlackFideId "4692055"]
[EventCountry "GER"]
[EventRounds "9"]
[EventType "swiss"]
[EventDate "2004.05.29"]

1. e4 c5 2. Nf3 d6 3. Bb5+ Nd7 4. d4 cxd4 5. Nxd4 Ngf6 6. Nc3 e6 7. O-O a6 8.
Bxd7+ Qxd7 9. a4 b6 10. Be3 Bb7 11. f3 Qc7 12. Qd2 Be7 13. Nce2 Rc8 14. Rac1
O-O 15. c4 Qb8 16. b3 Bd8 17. Ng3 Bc7 18. Bg5 Nd7 19. f4 Nc5 20. Qe3 Rfe8 21.
f5 d5 22. fxe6 fxe6 23. Qf3 Be5 24. Qf7+ Kh8 25. Nf3 Bxg3 26. hxg3 Nxe4 27. Nh4
Nxg5 28. Qh5 Qxg3 29. Rf8+ Rxf8 30. Ng6+ Kg8 31. Ne7+ 1/2-1/2

[Event "DEM U14 2004"]
[Site "Willingen GER"]
[Date "2004.05.31"]
[Round "3"]
[White "Bastian, Ruben"]
[Black "Wall, Henrik"]
[Result "1-0"]
[Termination "normal"]
[Board "14"]
[WhiteElo "1421"]
[BlackElo "1712"]
[PlyCount "49"]
[BlackFideId "24614033"]
[EventCountry "GER"]
[EventRounds "9"]
[EventType "swiss"]
[EventDate "2004.05.29"]

1. e4 e5 2. Nf3 Nc6 3. Bc4 Bc5 4. c3 Nf6 5. d3 d6 6. O-O Bg4 7. Nbd2 a6 8. Bb3
O-O 9. Re1 Re8 10. h3 Bh5 11. Nf1 b5 12. Ng3 Bxf3 13. Qxf3 h6 14. Nf5 Kh7 15.
Qg3 g5 16. Bxf7 Rf8 17. Bb3 Nh5 18. Qg4 Nf4 19. Bxf4 exf4 20. Bd5 Qd7 21. Nxh6
Qe8 22. Nf5 Ne5 23. Qxg5 Qg6 24. Qh4+ Qh5 25. Qxh5# 1-0

[Event "DEM U14 2004"]
[Site "Willingen GER"]
[Date "2004.06.01"]
[Round "4"]
[White "Seyb, Alexander"]
[Black "Müller, Reinhold"]
[Result "1/2-1/2"]
[Termination "normal"]
[Board "1"]
[WhiteElo "1973"]
[BlackElo "2035"]
[PlyCount "118"]
[WhiteFideId "4699033"]
[BlackFideId "24605875"]
[EventCountry "GER"]
[EventRounds "9"]
[EventType "swiss"]
[EventDate "2004.05.29"]

1. e4 c5 2. Nf3 d6 3. d4 cxd4 4. Nxd4 Nf6 5. Nc3 g6 6. Be3 Bg7 7. f3 O-O 8. Bc4
Nc6 9. Qd2 Bd7 10. O-O-O Rc8 11. Bb3 Ne5 12. Kb1 Nc4 13. Bxc4 Rxc4 14. g4 b5
15. b3 Rc5 16. Ne6 Bxe6 17. Bxc5 Qc7 18. Bd4 b4 19. Ne2 a5 20. g5 Nd7 21. Bxg7
Kxg7 22. h4 Nc5 23. h5 a4 24. Nd4 Qd7 25. Qh2 Rh8 26. hxg6 fxg6 27. e5 axb3 28.
axb3 d5 29. Nxe6+ Qxe6 30. Qd2 Ra8 31. Qd4 Qa6 32. Qb2 e6 33. Rd4 Qb5 34. Rdh4
h5 35. gxh6+ Kh7 36. Rf4 Ra7 37. Rg1 Nd3 38. Qd4 Qa5 39. Rf7+ Rxf7 40. Qxd3 Rf5
41. Rg4 Qb6 42. Qd2 Rxf3 43. Rxb4 Qe3 44. Rb7+ Kxh6 45. Qb4 Rf1+ 46. Ka2 Qe1
47. Qd4 Qb1+ 48. Ka3 Qc1+ 49. Qb2 Qe3 50. Ka4 Qc5 51. c3 Qc6+ 52. Rb5 Rf4+ 53.
b4 Rf7 54. Qd2+ Kg7 55. Qd4 Qa6+ 56. Ra5 Qf1 57. Kb3 Qb1+ 58. Ka3 Rb7 59. Ra4
Qa1+ 1/2-1/2

[Event "DEM U14 2004"]
[Site "Willingen GER"]
[Date "2004.06.01"]
[Round "4"]
[White "Beck, Frederik"]
[Black "Lubbe, Nikolas"]
[Result "1/2-1/2"]
[Termination "normal"]
[Board "2"]
[WhiteElo "2095"]
[BlackElo "2109"]
[PlyCount "40"]
[WhiteFideId "4687388"]
[BlackFideId "4694031"]
[EventCountry "GER"]
[EventRounds "9"]
[EventType "swiss"]
[EventDate "2004.05.29"]

1. e4 e5 2. Nf3 Nf6 3. Nxe5 d6 4. Nf3 Nxe4 5. Nc3 Nxc3 6. dxc3 Be7 7. Bf4 O-O
8. Qd2 Nc6 9. O-O-O Bf6 10. Nd4 Ne5 11. f3 Re8 12. Kb1 Ng6 13. Bg3 a6 14. Bd3
Ne5 15. Rde1 Bd7 16. Be4 Nc6 17. Nxc6 Bxc6 18. Bxc6 bxc6 19. Rxe8+ Qxe8 20. Re1
Qd7 1/2-1/2

[Event "DEM U14 2004"]
[Site "Willingen GER"]
[Date "2004.06.01"]
[Round "4"]
[White "Grünwald, Eduard"]
[Black "Tereick, Benjamin"]
[Result "0-1"]
[Termination "normal"]
[Board "3"]
[WhiteElo "1989"]
[BlackElo "2090"]
[PlyCount "120"]
[WhiteFideId "4696280"]
[BlackFideId "24607541"]
[EventCountry "GER"]
[EventRounds "9"]
[EventType "swiss"]
[EventDate "2004.05.29"]

1. e4 e6 2. d4 d5 3. Nc3 Nf6 4. exd5 exd5 5. Bd3 Be7 6. Bg5 O-O 7. Nge2 c6 8.
O-O Bg4 9. f3 Bh5 10. Nf4 Bg6 11. Bxg6 hxg6 12. Re1 Nbd7 13. Re2 Bd6 14. Nd3
Qc7 15. g3 Qb6 16. Be3 Rfe8 17. Qd2 Nf8 18. Na4 Qc7 19. Nac5 b6 20. Nb3 Ne6 21.
Rae1 c5 22. Ne5 Nxd4 23. Bxd4 cxd4 24. f4 Ne4 25. Qxd4 Bxe5 26. fxe5 Qxe5 27.
Qxe5 Rxe5 28. Nd4 Rc8 29. c3 Ree8 30. Kg2 f6 31. Nc2 Red8 32. Rd1 f5 33. Re3
Kf7 34. Red3 Nf6 35. Kf3 Rc7 36. Nd4 Ng4 37. R3d2 Re7 38. h3 Ne5+ 39. Kf2 Rde8
40. Re2 Nc4 41. b3 Nd6 42. Rxe7+ Rxe7 43. Nc6 Rc7 44. Nb4 Ne4+ 45. Ke1 Rxc3 46.
Rxd5 Rxg3 47. Rd7+ Kf6 48. Rxa7 Rxh3 49. Rb7 g5 50. Rxb6+ Ke5 51. a4 g4 52.
Nc6+ Kf4 53. Nd4 Rh1+ 54. Ke2 g3 55. Rg6 Rh2+ 56. Kd3 Rd2+ 57. Kc4 Ng5 58. Rxg5
Kxg5 59. Nf3+ Kf4 60. Nxd2 g2 0-1

[Event "DEM U14 2004"]
[Site "Willingen GER"]
[Date "2004.06.01"]
[Round "4"]
[White "Savchenko, Aleksij"]
[Black "Dinger, Florian"]
[Result "1-0"]
[Termination "normal"]
[Board "4"]
[WhiteElo "1844"]
[BlackElo "2070"]
[PlyCount "69"]
[WhiteFideId "24611727"]
[BlackFideId "24605573"]
[EventCountry "GER"]
[EventRounds "9"]
[EventType "swiss"]
[EventDate "2004.05.29"]

1. d4 Nf6 2. c4 g6 3. Nc3 Bg7 4. e4 d6 5. f3 O-O 6. Be3 c6 7. Qd2 a6 8. O-O-O
Nbd7 9. g4 b5 10. h4 h5 11. e5 b4 12. Nce2 dxe5 13. dxe5 Nh7 14. gxh5 gxh5 15.
f4 Qa5 16. Kb1 Nc5 17. Bxc5 Qxc5 18. Ng3 f6 19. Bd3 fxe5 20. Nxh5 exf4 21. Nxg7
Kxg7 22. Nh3 Bf5 23. Nxf4 Nf6 24. Qc2 e6 25. Bxf5 Qxf5 26. Qxf5 exf5 27. Ne6+
Kf7 28. Nxf8 Rxf8 29. Rhf1 Kg6 30. Rd6 Rh8 31. Rf4 Rh5 32. Rxc6 Kf7 33. Rxa6
Ne4 34. Kc2 Nc5 35. Ra5 1-0

[Event "DEM U14 2004"]
[Site "Willingen GER"]
[Date "2004.06.01"]
[Round "4"]
[White "Alsheimer, Christoph"]
[Black "Zehnter, Sebastian"]
[Result "1-0"]
[Termination "normal"]
[Board "5"]
[WhiteElo "2057"]
[BlackElo "1987"]
[PlyCount "115"]
[WhiteFideId "24605433"]
[BlackFideId "24608670"]
[EventCountry "GER"]
[EventRounds "9"]
[EventType "swiss"]
[EventDate "2004.05.29"]

1. d4 Nf6 2. Nf3 e6 3. e3 c5 4. c3 b6 5. Bd3 Bb7 6. Nbd2 d6 7. O-O Nbd7 8. Qe2
Qc7 9. e4 h6 10. Ne1 O-O-O 11. b4 e5 12. d5 g6 13. a4 Nb8 14. a5 Nfd7 15. Nc4
f5 16. f3 a6 17. axb6 Nxb6 18. Na5 f4 19. Kh1 Kd7 20. g3 g5 21. gxf4 exf4 22.
bxc5 dxc5 23. c4 Bg7 24. Bb2 Kc8 25. Nb3 Bxb2 26. Qxb2 N8d7 27. Ra5 Qd6 28. Qa3
Kb8 29. Nxc5 Nxc5 30. Rxc5 Na4 31. Qxa4 Qxc5 32. Nc2 Ka7 33. Qb4 Qxb4 34. Nxb4
a5 35. Nc2 Ba6 36. Nd4 Rc8 37. Rc1 Rhd8 38. Rc2 Kb7 39. e5 a4 40. Rb2+ Ka7 41.
Ra2 Rxd5 42. cxd5 Bxd3 43. Rxa4+ Kb6 44. d6 Rc1+ 45. Kg2 Bf1+ 46. Kf2 Bh3 47.
e6 Rc8 48. d7 Rg8 49. Rc4 Kb7 50. Rb4+ Kc7 51. Rc4+ Kb7 52. Nc6 Bxe6 53. d8=Q
Bxc4 54. Qd7+ Kb6 55. Ne5 Bb3 56. Qc6+ Ka5 57. Qc5+ Ka4 58. Nd3 1-0

[Event "DEM U14 2004"]
[Site "Willingen GER"]
[Date "2004.06.01"]
[Round "4"]
[White "Schneider, David"]
[Black "Geske, Julian"]
[Result "0-1"]
[Termination "normal"]
[Board "6"]
[WhiteElo "2080"]
[BlackElo "1940"]
[PlyCount "58"]
[WhiteFideId "4697111"]
[BlackFideId "24605263"]
[EventCountry "GER"]
[EventRounds "9"]
[EventType "swiss"]
[EventDate "2004.05.29"]

1. Nf3 Nf6 2. g3 g6 3. Bg2 Bg7 4. d4 d6 5. O-O O-O 6. b3 Nbd7 7. Bb2 e5 8. dxe5
dxe5 9. Nbd2 Re8 10. Nc4 Qe7 11. e3 e4 12. Nfe5 Nxe5 13. Nxe5 Ng4 14. Nc4 Bxb2
15. Nxb2 Bf5 16. h3 Nf6 17. Qe2 h5 18. Rad1 Qe6 19. Kh2 h4 20. Nc4 hxg3+ 21.
fxg3 Kg7 22. g4 Nxg4+ 23. hxg4 Bxg4 24. Qf2 Bxd1 25. Rxd1 Rad8 26. Rxd8 Rxd8
27. Qf4 b5 28. Ne5 f5 29. Nxg6 Kxg6 0-1

[Event "DEM U14 2004"]
[Site "Willingen GER"]
[Date "2004.06.01"]
[Round "4"]
[White "Rudolf, Sebastian"]
[Black "Wapenhans, Alexander"]
[Result "0-1"]
[Termination "normal"]
[Board "7"]
[WhiteElo "1926"]
[BlackElo "1655"]
[PlyCount "58"]
[WhiteFideId "24609390"]
[BlackFideId "24622630"]
[EventCountry "GER"]
[EventRounds "9"]
[EventType "swiss"]
[EventDate "2004.05.29"]

1. e4 d5 2. exd5 Qxd5 3. Nc3 Qa5 4. d4 c6 5. Nf3 Nf6 6. Bd2 Bf5 7. Bc4 e6 8.
Bb3 Qc7 9. Qe2 Be7 10. O-O-O Nbd7 11. Ne5 Nxe5 12. dxe5 Nd7 13. g4 Bg6 14. f4
h5 15. h3 O-O-O 16. Rhf1 hxg4 17. hxg4 Nc5 18. Rde1 Nxb3+ 19. axb3 Bh4 20. Rd1
Be7 21. Qf3 Bb4 22. Qg3 Qa5 23. Kb1 Rd7 24. f5 exf5 25. gxf5 Bh5 26. Qh2 Qd8
27. Rh1 Bxc3 28. bxc3 Bxd1 29. Qxh8 Rxd2 0-1

[Event "DEM U14 2004"]
[Site "Willingen GER"]
[Date "2004.06.01"]
[Round "4"]
[White "Lange, Jan-David"]
[Black "Völbel, Patrick"]
[Result "0-1"]
[Termination "normal"]
[Board "8"]
[WhiteElo "1794"]
[BlackElo "1867"]
[PlyCount "78"]
[WhiteFideId "24614963"]
[BlackFideId "24622583"]
[EventCountry "GER"]
[EventRounds "9"]
[EventType "swiss"]
[EventDate "2004.05.29"]

1. e4 c5 2. Nf3 e6 3. d4 cxd4 4. Nxd4 a6 5. Bd3 Nf6 6. O-O d6 7. Qe2 Qc7 8. c4
Be7 9. Nc3 O-O 10. Bd2 Nc6 11. Nc2 b6 12. f4 Re8 13. Rae1 Nd7 14. b4 Bf6 15.
Rf3 Bb7 16. Rh3 g6 17. Qg4 Nxb4 18. Nxb4 Qc5+ 19. Kh1 Qxb4 20. Rb1 Qc5 21. f5
Qc7 22. fxg6 fxg6 23. Na4 Bc6 24. Nc3 Ne5 25. Qf4 Rf8 26. Be2 Rab8 27. Qe3 Ba8
28. Qh6 Rf7 29. Rf1 Bh8 30. Rxf7 Qxf7 31. Be3 Bc6 32. a4 Bf6 33. Kg1 Rb7 34.
Kh1 Qd7 35. Bg5 Bxg5 36. Qxg5 Qe7 37. Qd2 Rb8 38. Bd3 Rf8 39. Kg1 Qc7 0-1

[Event "DEM U14 2004"]
[Site "Willingen GER"]
[Date "2004.06.01"]
[Round "4"]
[White "Poetsch, Hagen"]
[Black "Müller, Jan-Hendrik"]
[Result "1/2-1/2"]
[Termination "normal"]
[Board "9"]
[WhiteElo "1783"]
[BlackElo "1831"]
[PlyCount "36"]
[WhiteFideId "24615137"]
[BlackFideId "24615048"]
[EventCountry "GER"]
[EventRounds "9"]
[EventType "swiss"]
[EventDate "2004.05.29"]

1. e4 e5 2. Nf3 Nc6 3. Bc4 Bc5 4. c3 Nf6 5. d4 exd4 6. cxd4 Bb4+ 7. Nc3 Nxe4 8.
O-O Bxc3 9. d5 Bf6 10. Re1 Ne7 11. Rxe4 d6 12. g4 h6 13. g5 hxg5 14. Bxg5 Be5
15. Qa4+ Bd7 16. Qb4 f6 17. Nxe5 dxe5 18. Rae1 Bf5 1/2-1/2

[Event "DEM U14 2004"]
[Site "Willingen GER"]
[Date "2004.06.01"]
[Round "4"]
[White "Bogner, Sebastian"]
[Black "Bastian, Ruben"]
[Result "1-0"]
[Termination "normal"]
[Board "12"]
[WhiteElo "2093"]
[BlackElo "1421"]
[PlyCount "41"]
[WhiteFideId "4692055"]
[EventCountry "GER"]
[EventRounds "9"]
[EventType "swiss"]
[EventDate "2004.05.29"]

1. d4 Nf6 2. c4 g6 3. Nc3 Bg7 4. e4 d6 5. Nf3 O-O 6. Be2 e5 7. Be3 Nbd7 8. d5
Nc5 9. Nd2 Ne8 10. b4 Nd7 11. c5 f5 12. f3 Nef6 13. Nc4 Qe7 14. Qc2 f4 15. cxd6
cxd6 16. Bf2 Rf7 17. Nb5 Ne8 18. Nxa7 Ndf6 19. Nb6 Rb8 20. Nbxc8 Qc7 21. Rc1
1-0

[Event "DEM U14 2004"]
[Site "Willingen GER"]
[Date "2004.06.01"]
[Round "4"]
[White "Kalisch, Michael"]
[Black "Szczap, Arthur"]
[Result "1-0"]
[Termination "normal"]
[Board "13"]
[WhiteElo "1576"]
[BlackElo "1497"]
[PlyCount "111"]
[BlackFideId "24637394"]
[EventCountry "GER"]
[EventRounds "9"]
[EventType "swiss"]
[EventDate "2004.05.29"]

1. e4 c5 2. Nf3 Nc6 3. Bb5 e6 4. Bxc6 bxc6 5. O-O d5 6. d3 Ba6 7. Re1 Nf6 8.
Nbd2 g6 9. b3 Bg7 10. Bb2 O-O 11. Rb1 Qb6 12. c4 d4 13. Nf1 Nd7 14. Ng3 e5 15.
Bc1 Rfb8 16. Bd2 Bc8 17. Qc1 a5 18. Bh6 Bh8 19. Nf5 Qd8 20. Bg5 Bf6 21. Nh6+
Kf8 22. Bxf6 Qxf6 23. Ng4 Qg7 24. Qh6 Qxh6 25. Nxh6 Kg7 26. Ng4 f6 27. h4 h5
28. Ngh2 a4 29. Re2 Nf8 30. Ne1 Ne6 31. g3 Nc7 32. f4 axb3 33. axb3 Ne8 34.
fxe5 fxe5 35. Nhf3 Bg4 36. Rf2 Bxf3 37. Nxf3 Kf6 38. Nxd4+ Ke7 39. Nxc6+ Kd6
40. Nxb8 Rxb8 41. Ra2 Kc6 42. Ra6+ Rb6 43. Rxb6+ Kxb6 44. b4 cxb4 45. Rxb4+ Kc5
46. Rb5+ Kd6 47. Rd5+ Ke6 48. c5 Nf6 49. Rd6+ Ke7 50. Rxf6 Kxf6 51. Kf2 Ke6 52.
Ke3 Kd7 53. d4 Kc6 54. dxe5 Kxc5 55. Kf4 Kc6 56. Kg5 1-0